Inleidinge tot de Hollandsche Rechts-Geleerdheid / (Record no. 964)

MARC details
000 -LEADER
fixed length control field 00471nam a22001577a 4500
005 - DATE AND TIME OF INPUT
control field 20240207145241.0
008 - DATA ELEMENTS--GENERAL INFORMATION
fixed length control field 231127b |||||||| |||| 00| 0 eng d
041 ## - LANGUAGE CODE
Language code of text Deutch
082 ## - SHELF NUMBER
DDC number 340.5 CRO
100 ## - MAIN AUTHOR
Language of a work Deutch
245 ## - TITLE STATEMENT
Title Inleidinge tot de Hollandsche Rechts-Geleerdheid /
Statement of responsibility, etc. De Groot, H
260 ## - PUBLICATION, DISTRIBUTION, ETC.
Place of publication, distribution, etc. Arnhem :
Name of publisher, distributor, etc. S. Gouda Quint,
Date of publication, distribution, etc. 1910
300 ## - PHYSICAL DESCRIPTION
Other physical details xvi, 212 pages ;
Dimensions 25 cm.
650 ## - SUBJECT`
Broad subject Legal practice
Own subject terms Law
942 ## - ADDED ENTRY ELEMENTS (KOHA)
Item type Books
942 ## - ADDED ENTRY ELEMENTS (KOHA)
-- ALISON_BN_VRIES
Holdings
Source of classification or shelving scheme Not for loan Collection code Home library Current library Shelving location Date acquired Full call number Barcode Price effective from Koha item type
Dewey Decimal Classification   TEXT BOOKS LAW SOCIETY OF NAMIBIA LIBRARY - WINDHOEK LAW SOCIETY OF NAMIBIA LIBRARY - WINDHOEK Customary law 11/27/2023 340.5 GRO LSN/1987/204 11/27/2023 Books
Dewey Decimal Classification   TEXT BOOKS LAW SOCIETY OF NAMIBIA LIBRARY - WINDHOEK LAW SOCIETY OF NAMIBIA LIBRARY - WINDHOEK Customary law 12/04/2024 340.5 GRO LSN/1987/205 12/04/2024 Books